Normal view
MARC view
- Numerical methods- Engineers
Entry Topical Term
001 - CONTROL NUMBER
- control field: 4514
003 - CONTROL NUMBER IDENTIFIER
- control field: JO-AjAnu
005 - DATE AND TIME OF LATEST TRANSACTION
- control field: 20230606071034.0
008 - FIXED-LENGTH DATA ELEMENTS
- fixed length control field: 230606|| aca||aabn | a|a d
040 ## - CATALOGING SOURCE
- Original cataloging agency: JO-AjAnu
- Transcribing agency: JO-AjAnu
150 ## - HEADING--TOPICAL TERM
- Topical term or geographic name entry element: Numerical methods- Engineers
670 ## - SOURCE DATA FOUND
- Source citation: Work cat.: (JO-AjAnu)2340: Gupta ,Santosh, author 4513, Numerical methods for Engineers